Islands by Picture - Statistics

General Stats
  • This quiz has been taken 223 times
  • The average score is 9 of 15
Answer Stats
Picture Answer % Correct
Great Britain
99%
Madagascar
85%
Cuba
73%
Tasmania
73%
Singapore
66%
Manhattan
65%
Sicily
64%
Taiwan
62%
Greenland
61%
Honshu
51%
Komodo
43%
Iceland
36%
Socotra
34%
Oahu
27%
North Island
25%
No matching quizzes found
Score Distribution
Percent of People with Each Score
Percentile by Number Answered
Your Score History
You have not taken this quiz